000 01201cam a2200373 i 4500
001 1289041
003 OSt
005 20260409151133.0
008 770831s1977 ilu 000 0 eng
010 _a 76011474
020 _a0891910549
020 _a9780891910541
035 _a1289041
040 _aDLC
_cDLC
_dDLC
050 0 0 _aBS2626
_b.R5
082 0 0 _a227
100 1 _aRichards, Larry,
_d1931-
245 1 4 _aThe great adventure :
_bthe first days of the church : studies in Acts, James, Galatians, and Romans /
_cLarry Richards.
250 _aLeader's ed.
260 _aElgin, Ill. :
_bD. C. Cook Pub. Co.,
_cc1977.
300 _a252 p. ;
_c22 cm.
336 _atext
_btxt
_2rdacontent
337 _aunmediated
_bn
_2rdamedia
338 _avolume
_bnc
_2rdacarrier
490 1 _aHis Bible alive series
630 0 0 _aBible.
_pActs
_vTextbooks.
630 0 0 _aBible.
_pJames
_vTextbooks.
630 0 0 _aBible.
_pGalatians
_vTextbooks.
630 0 0 _aBible.
_pRomans
_vTextbooks.
800 1 _aRichards, Larry,
_d1931-
_tBible alive series.
906 _a7
_bcbc
_corignew
_d2
_eocip
_f19
_gy-gencatlg
942 _2lcc
_cBK
999 _c21589
_d21588